| 000 | 00802cam a22002773a 4500 | ||
|---|---|---|---|
| 001 | 6984 | ||
| 003 | PGUSA | ||
| 005 | 20140828083139.0 | ||
| 008 | 041101s2004||||xxu|||||s|||||000 1 eng d | ||
| 040 |
_aPGUSA _beng |
||
| 042 | _adc | ||
| 050 | 4 | _aPZ | |
| 050 | 4 | _aPR | |
| 100 | 1 |
_aWodehouse, P. G. _q(Pelham Grenville), _d1881-1975 |
|
| 245 | 1 | 4 |
_aThe Pothunters _h[electronic resource] / _cP. G. Wodehouse |
| 260 |
_bProject Gutenberg, _c2004 |
||
| 506 | _aPublic domain in the USA. | ||
| 516 | _aElectronic text | ||
| 653 | _aHumorous stories | ||
| 653 | _aTheft -- Fiction | ||
| 653 | _aSchools -- Fiction | ||
| 653 | _aEngland -- Social life and customs -- 20th century -- Fiction | ||
| 830 | 0 |
_aProject Gutenberg _v6984 |
|
| 856 | 4 | 0 | _uhttp://www.gutenberg.org/ebooks/6984 |
| 942 | _cEB | ||
| 999 |
_c236304 _d236304 |
||